| 000 | 01136nam a22002057a 4500 | ||
|---|---|---|---|
| 005 | 20180803165508.0 | ||
| 008 | 131108b2007 ck ||||| |||| 00| 0 spa d | ||
| 041 | _aspa | ||
| 044 | _ack | ||
| 090 |
_aIAVH _b01450 |
||
| 245 | _aImplementacion de herramientas de manejo de paisaje como estrategia para la conservación de la biodiversidad en la cuenca media del rio nima | ||
| 260 |
_aPalmira _bInstituto de Investigación de Recursos Biológicos Alexander von Humboldt _bFundacion Ambiental Colombia _c2007 |
||
| 300 |
_a47 p. _bil _c27 cm |
||
| 500 | _aInforme tecnico Contrato de consultaria Nº 07-05-65-0231 ps entre Instituto de Investigación de Recursos Biológicos Alexander Von Humboldt y Fundacion Ambiente Colombia | ||
| 520 | _aImplementar la fae Nº 1 de las herramientas de manejo,definidas para los predios priorizados en la ventana de paisaje rural ganadero en la cuenca media del río Nima, en el municipio de Palmira, como estrategia de conservación de la biodiversidad. | ||
| 650 |
_aPaisaje rural _992518 |
||
| 650 |
_aCuenca _96405 |
||
| 650 |
_aRío nima _zPalmira (Valle de Cauca) _96406 |
||
| 942 |
_2z _cImpreso |
||
| 999 |
_c7754 _d7754 |
||